000 00965nam a22003137a 4500
001 BR7405301
003 BR-BrBNA
005 20230928084613.0
007 ta
008 230509b bl.||||| |||| 00| 0 por d
040 _aBR-BrBNA
_bpor
_cBiblioteca Nacional de Agricultura
041 _a(Por)
072 _aF00; F30; F25
_b1410
_b/G514
090 _ 1410 BR7405301
110 1 _aSecretaria da Agricultura do Estado da Bahia, Salvador (Brasil). Coordenacao de Pesquisa e Extensao Rural
_98202
245 1 _aProjeto feijao [Phaseolus vulgaris; Vulgaris; Producao vegetal; Bahia; Brasil]
260 3 _aSalvador, BA (Brasil):
_c1974.
300 _a150 p.
650 _aProducao vegetal
650 _aMelhoramento genetico vegetal
650 _aFertilizante
650 _aFeijao
650 _aPratica cultural
650 _aComportamento de variedade
650 _aAdubacao
650 _aBahia
909 _a202309
_bLucia
_c55
_dLucia Elande
942 _cBK
999 _c20039
_d20039